[Event "ICS rated blitz match"]
[Site "207.99.83.227"]
[Date "1999.04.04"]
[Round "?"]
[White "MNAGROCKI"]
[Black "Hossa"]
[Result "0-1"]
[WhiteElo "2040"]
[BlackElo "2364"]
[Annotator "Fritz 5.32 (15s)"]
[PlyCount "118"]

1. d4 Nf6 2. c4 g6 3. Nc3 Bg7 4. Nf3 O-O 5. e4 c5 6. d5 d6 7. Bd3 Bg4 8. O-O
$146 (8. h3 Bxf3 9. Qxf3 e6 (9... Nbd7 10. Bf4 Nh5 11. Be3 Qb6 12. Rb1 Ne5 13.
Qd1 Nxd3+ 14. Qxd3 a6 15. O-O e5 16. b4 Qc7 17. bxc5 dxc5 18. Na4 Rfb8 19. Bxc5
b5 20. Bb6 Rxb6 21. Nxb6 Qxb6 22. cxb5 Nf4 23. Qc4 axb5 24. Rxb5 Qf6 25. a4 Qg5
26. g3 Nxh3+ 27. Kg2 Qg4 28. f3 Nf4+ 29. Kf2 Nh3+ 30. Kg2 {
- Tubshintugs B-Fuchs G/ChWmU12 Duisburg <TY 1992 (30)}) 10. O-O exd5 11. cxd5
Nbd7 12. Qd1 a6 13. a4 Re8 14. Re1 Rc8 15. Be3 (15. Bc4 Ne5 16. Bf1 c4 17. a5
Nfd7 18. f4 Nd3 19. Bxd3 cxd3 20. Bd2 b5 21. Kh2 Nc5 22. Rb1 b4 23. Na2 Nxe4
24. Nxb4 Qh4 25. Rxe4 Rxe4 26. Nxd3 Rd4 27. Bc3 Rxd5 28. Qf3 Rb5 29. Bxg7 Kxg7
30. b4 Qh5 31. Qe3 Qd5 32. Nf2 Rc4 33. Rd1 Qf5 34. Nd3 Rd5 35. Qe2 Rcd4 36. g4
Qe4 37. Qb2 37... Kg8 {
0-1 Soppe,G-Hoffman,A/Clarin GP Final, Villa Gisell ARG 1998 (37)}) 15... Qa5
16. Qd2 Ne5 17. Bf1 h5 18. f3 Ned7 19. Nb1 Qd8 20. a5 Nh7 21. Na3 Ne5 22. Nc4
Nxc4 23. Bxc4 g5 24. Rac1 g4 25. Bf4 Bd4+ 26. Kh2 Qf6 27. b3 gxf3 28. gxf3 Kh8
29. Kh1 Rg8 30. Qh2 Ng5 31. Rf1 Rcd8 32. h4 Nh3 33. Bg3 Qg7 34. Qxh3 Qxg3 35.
Qxg3 Rxg3 36. Rc2 Rdg8 37. f4 R8g4 38. e5 Be3 39. e6 Bxf4 40. Rxf4 Rxf4 41. Rg2
41... Rxh4+ {0-1 Haik Aldo-Sokolov Ivan/Cup Rilton, Sweden 1988 (41)}) 8...
Bxf3 $14 (8... Nbd7 9. h3 Bxf3 10. Qxf3 $11) 9. Qxf3 Na6 10. a3 {Staerkt b4}
10... Nd7 11. Qe2 Nc7 12. Bd2 Qe8 13. f4 Bd4+ 14. Kh1 Nf6 15. f5 {
Weiss gewinnt Raum} 15... Bxc3 $16 (15... Qd7 16. Bc2 $14) 16. Bxc3 16... g5
$18 (16... Nd7 $5 $16 $142) 17. a4 $16 (17. e5 $5 $142 17... dxe5 18. Qxe5 $18)
17... Rd8 18. h4 18... h6 $18 (18... gxh4 19. Rf4 Kh8 20. e5 Nfxd5 21. Rxh4 $18
(21. cxd5 $6 21... Nxd5 22. Bb5 22... Nxf4 $18)) 19. hxg5 hxg5 20. g3 $16 (20.
e5 $5 20... dxe5 21. Qe3 21... Kh7 $18) 20... Nd7 $18 (20... Qd7 $5 $16 $142)
21. Kg2 (21. f6 Nxf6 22. Rxf6 22... exf6 $18) 21... f6 22. Rh1 22... Nb6 $4 {
Schwarz verkuerzt seine Leiden} (22... Rf7 $18 $142) 23. b3 (23. Rh6 $142 {
liesse Schwarz keine Chance} 23... Kg7 24. Rg6+ Qxg6 25. fxg6 $18) 23... Nd7 $4
{fuehrt zum raschen Untergang} (23... Rf7 $18 $142) 24. Rh6 {Es droht Matt}
24... Kg7 25. Rg6+ Qxg6 26. fxg6 Rh8 27. Rh1 (27. Qe3 $5 {
waere im Gewinnsinne praeziser} 27... e5 $18) 27... Rxh1 28. Kxh1 Rh8+ (28...
Ne5 {aendert nichts mehr} 29. Bc2 $18) 29. Kg2 Rh6 (29... Ne5 {
waere gleichermassen fruchtlos} 30. Bxe5 dxe5 31. Qf2 $18) 30. b4 (30. Qg4 $142
{und Weiss ist direkt am Ziel} 30... e6 $18) 30... cxb4 31. Bxb4 Na6 32. Ba3
Ne5 33. Bc2 (33. Qf1 {und Weiss haette es noch leichter} 33... Nc5 34. Bxc5
34... dxc5 $18) 33... Kg8 (33... g4 {macht keinen grossen Unterschied} 34. Qd1
$18) 34. Bb3 (34. c5 $5 {laesst dem Gegner kaum Chancen} 34... Nxc5 35. Qb5 b6
36. Qe8+ Kg7 37. Qxe7+ Kxg6 38. Qxa7 38... Rh8 $18) 34... b6 35. c5 (35. Qf1 {
gibt noch groesseren Vorteil} 35... Nd7 $18) 35... Nxc5 36. Bxc5 bxc5 37. Qa6
Nxg6 38. Qxa7 Kf7 39. a5 Ne5 40. Qb7 (40. a6 {ist genauer} 40... g4 41. Qb8
41... Nf3 $18) 40... c4 41. Bc2 (41. Bd1 $142 {
damit wuerde Weiss es sich noch erleichtern} 41... f5 42. exf5 42... Nd3 $18)
41... Ng4 42. Qb2 Rh2+ 43. Kf3 Ne5+ 44. Ke3 Rh3 (44... Rg2 {
aendert nichts am Ausgang der Partie} 45. a6 c3 46. Qb3 Rxg3+ 47. Kf2 $18) 45.
Kf2 $14 (45. a6 $142 {sichert den Gewinn} 45... Rxg3+ 46. Kd4 Nf3+ 47. Kxc4
Ne5+ 48. Kd4 Nf3+ 49. Ke3 Ne5+ 50. Kf2 Rf3+ 51. Ke2 $18) 45... Nd3+ 46. Bxd3 $4
$17 {vergibt den Vorteil} (46. Kg2 $142 {sieht noch spielbar aus} 46... Nxb2
47. Kxh3 $14) 46... Rh2+ {Nun geraet Weiss unter starken Druck.} 47. Ke3 Rxb2
48. Bxc4 Rc2 49. Kd3 $19 (49. Bd3 $5 49... Rc7 50. a6 $17) 49... Rg2 50. a6
Rxg3+ 51. Kd4 (51. Kc2 51... Ra3 $19) 51... Ra3 {Droht Matt: e5} 52. Bb5 (52.
Be2 {nuetzt auch nichts mehr} 52... Ke8 $19) 52... g4 53. Kc4 (53. Bf1 $19 {
koennte noch eine geringe Chance darstellen}) 53... g3 54. Kb4 g2 (54... Ra1
$19 $142 {und Weiss kann direkt aufgeben}) 55. Kxa3 g1=Q 56. Kb4 (56. Bc4 {
hilft allerdings auch nicht} 56... Qe3+ 57. Kb2 57... Qxe4 $19) 56... Qe1+ 57.
Ka4 (57. Kc4 {aendert nichts mehr} 57... e6 $19) 57... Qxe4+ 58. Ka5 (58. Kb3 {
aendert den traurigen Lauf der Dinge nicht} 58... Qb1+ (58... Qxd5+ $4 {
vergiftet...} 59. Bc4 Qe6 60. Bxe6+ Kxe6 61. a7 $18) 59. Kc4 Qc2+ 60. Kb4 Qc5+
61. Ka5 61... Qxd5 $19) 58... Qxd5 59. a7 Qb7 (59... Qb7 60. Kb4 Qxa7 61. Bc4+
61... e6 $19) 0-1

[Event "ICS rated blitz match"]
[Site "207.99.83.227"]
[Date "1999.04.04"]
[Round "?"]
[White "Hossa"]
[Black "MNAGROCKI"]
[Result "1-0"]
[WhiteElo "2368"]
[BlackElo "2036"]
[Annotator "Fritz 5.32 (15s)"]
[PlyCount "51"]

1. e4 e6 2. Nf3 2... g6 $14 (2... d5 3. e5 $11) 3. Bb5 Bg7 (3... c6 4. Ba4 $11)
4. d4 Ne7 5. O-O $11 (5. Nc3 5... O-O $14) 5... c6 6. Bd3 d5 7. e5 {
Weiss erobert Raum} 7... O-O $14 (7... c5 8. dxc5 O-O 9. Bb5 $14) 8. Bg5 Nd7 (
8... c5 9. c3 $14) 9. Nbd2 (9. Qd2 9... Re8 $14) 9... h6 10. Be3 Nf5 11. Bxf5
$15 (11. Nb3 $5 $11) 11... exf5 ({Schwaecher scheint} 11... gxf5 12. Qe2 $14)
12. h4 12... f6 {Kontrolliert g5} 13. exf6 {Auf den muss Schwarz aufpassen}
13... Nxf6 14. Ne5 {Der Springer hat sein Ziel erreicht} 14... Kh7 15. Ndf3 Ne4
16. Qc1 Qf6 17. Bf4 Be6 (17... Re8 18. Re1 $11) 18. Qe3 (18. Nd3 18... Qf7 $14)
18... Rae8 19. Rae1 (19. Rfe1 19... Qd8 $11) 19... Bc8 20. Re2 Re6 21. b3 Rfe8
22. c4 Nd6 23. cxd5 cxd5 24. Rc1 24... Nf7 $14 (24... b6 $5 $11 {
ist bedenkenswert}) 25. Rec2 25... Bd7 $4 $18 (25... Nd6 $14 $142 {
ist gerade noch spielbar}) 26. Nxd7 (26. Nxd7 Qd8 27. Nde5 $18) 1-0

[Event "ICS rated blitz match"]
[Site "207.99.83.227"]
[Date "1999.04.04"]
[Round "?"]
[White "MNAGROCKI"]
[Black "Hossa"]
[Result "0-1"]
[WhiteElo "2032"]
[BlackElo "2372"]
[Annotator "Fritz 5.32 (15s)"]
[PlyCount "86"]

1. d4 Nf6 2. c4 g6 3. Nc3 Bg7 4. Nf3 O-O 5. e4 c5 6. d5 d6 7. Bd3 Bg4 8. O-O
$146 (8. h3 Bxf3 9. Qxf3 e6 (9... Nbd7 10. Bf4 Nh5 11. Be3 Qb6 12. Rb1 Ne5 13.
Qd1 Nxd3+ 14. Qxd3 a6 15. O-O e5 16. b4 Qc7 17. bxc5 dxc5 18. Na4 Rfb8 19. Bxc5
b5 20. Bb6 Rxb6 21. Nxb6 Qxb6 22. cxb5 Nf4 23. Qc4 axb5 24. Rxb5 Qf6 25. a4 Qg5
26. g3 Nxh3+ 27. Kg2 Qg4 28. f3 Nf4+ 29. Kf2 Nh3+ 30. Kg2 {
- Tubshintugs B-Fuchs G/ChWmU12 Duisburg <TY 1992 (30)}) 10. O-O exd5 11. cxd5
Nbd7 12. Qd1 a6 13. a4 Re8 14. Re1 Rc8 15. Be3 (15. Bc4 Ne5 16. Bf1 c4 17. a5
Nfd7 18. f4 Nd3 19. Bxd3 cxd3 20. Bd2 b5 21. Kh2 Nc5 22. Rb1 b4 23. Na2 Nxe4
24. Nxb4 Qh4 25. Rxe4 Rxe4 26. Nxd3 Rd4 27. Bc3 Rxd5 28. Qf3 Rb5 29. Bxg7 Kxg7
30. b4 Qh5 31. Qe3 Qd5 32. Nf2 Rc4 33. Rd1 Qf5 34. Nd3 Rd5 35. Qe2 Rcd4 36. g4
Qe4 37. Qb2 37... Kg8 {
0-1 Soppe,G-Hoffman,A/Clarin GP Final, Villa Gisell ARG 1998 (37)}) 15... Qa5
16. Qd2 Ne5 17. Bf1 h5 18. f3 Ned7 19. Nb1 Qd8 20. a5 Nh7 21. Na3 Ne5 22. Nc4
Nxc4 23. Bxc4 g5 24. Rac1 g4 25. Bf4 Bd4+ 26. Kh2 Qf6 27. b3 gxf3 28. gxf3 Kh8
29. Kh1 Rg8 30. Qh2 Ng5 31. Rf1 Rcd8 32. h4 Nh3 33. Bg3 Qg7 34. Qxh3 Qxg3 35.
Qxg3 Rxg3 36. Rc2 Rdg8 37. f4 R8g4 38. e5 Be3 39. e6 Bxf4 40. Rxf4 Rxf4 41. Rg2
41... Rxh4+ {0-1 Haik Aldo-Sokolov Ivan/Cup Rilton, Sweden 1988 (41)}) 8...
Bxf3 $14 (8... Nbd7 9. h3 Bxf3 10. Qxf3 $11) 9. Qxf3 Na6 10. a3 {Deckt b4}
10... Nd7 11. Qe2 Nc7 12. Bd2 Qe8 13. f4 Bd4+ 14. Kh1 Nf6 15. f5 {Raumgewinn}
15... Bxc3 $16 (15... Qd7 16. Bc2 $14) 16. Bxc3 16... g5 $18 (16... Nd7 $5 $16
$142) 17. a4 $16 (17. e5 $5 $142 17... dxe5 18. Qxe5 $18) 17... Rd8 18. h4
18... h6 $18 (18... gxh4 19. Rf4 Kh8 20. e5 Nfxd5 21. Rxh4 $18 (21. cxd5 $6
21... Nxd5 22. Bb5 22... Nxf4 $18)) 19. hxg5 hxg5 20. g3 $16 (20. e5 $5 20...
dxe5 21. Qe3 21... Kh7 $18) 20... Nd7 $18 (20... Qd7 $5 $16 $142) 21. Kg2 (21.
f6 Nxf6 22. Rxf6 22... exf6 $18) 21... f6 22. Rh1 22... Nb6 $4 {
der starke Druck provoziert weitere Fehler} (22... Rf7 $18 $142) 23. Rh6 {
Es droht Matt} 23... Kg7 24. Rg6+ Qxg6 25. fxg6 Rh8 (25... Nd7 {
nuetzt auch nichts mehr} 26. Rh1 Rh8 27. Rxh8 Rxh8 28. Qg4 $18) 26. b3 (26. e5
$5 $142 {erleichterte Weiss die Gewinnfuehrung} 26... dxe5 27. Bxe5 Ncxd5 28.
cxd5 Nxd5 29. Bxf6+ 29... exf6 $18) 26... Kxg6 (26... Nd7 {
aendert nichts am Ausgang der Partie} 27. Qe3 $18) 27. e5+ Kf7 28. exf6 {
Mit der Mattdrohung Qxe7} 28... e5 29. dxe6+ Nxe6 30. Qe4 d5 31. Qg6+ Kf8 32.
f7 (32. Re1 Rh2+ 33. Kxh2 Rd6 34. Qh5 dxc4 35. Qh8+ Kf7 36. Qh7+ Kf8 37. Qe7+
Kg8 38. f7#) 32... d4 {Weiss darf Schwarz nun nicht zu Rd6 kommen lassen} 33.
Bd2 (33. Qxe6 Nxc4 34. Bxc4 dxc3 35. Re1 Rd2+ 36. Kg1 Re2 37. Qe8+ Kg7 38.
Qxh8+ Kg6 39. Bxe2 Kf5 40. Bh5 c2 41. f8=Q#) 33... Rd6 34. Bxg5 (34. Rh1 Nf4+
35. Bxf4 Rxg6 36. Bxg6 Rxh1 37. Bd6+ (37. Kxh1 $6 37... gxf4 38. gxf4 38... Nc8
$11) 37... Kg7 38. f8=Q+ Kxg6 39. Be7 $18) 34... Nf4+ 35. gxf4 (35. Bxf4 {
ginge schneller} 35... Rxg6 36. Bxg6 Kg7 37. Be5+ Kxg6 38. Bxh8 38... Kxf7 $18)
35... Rxg6 36. Bxg6 Nd7 37. Re1 Kg7 38. Re8 (38. f5 $142 {
laesst dem Gegner kaum Chancen} 38... Nf8 $18) 38... Rf8 (38... Kxg6 {
kann das Vorangegangene nicht ungeschehen machen} 39. Rxh8 Kxf7 40. Rh7+ Ke6
41. Re7+ Kd6 42. f5 $18) 39. f5 d3 40. Be7 (40. Bh5 {ist genauer} 40... b6 $18)
40... Rxf7 41. Bxf7 (41. Bg5 $142 {und nichts geht mehr} 41... Nf6 42. Bxf7
Kxf7 43. Rb8 $18) 41... Kxf7 {Weiss darf nun die Drohung d2 nicht uebersehen}
42. Bxc5 $4 $14 {wirft den Vorteil weg} (42. Rh8 $142 {
und die Waage neigt sich zugunsten von Weiss} 42... d2 43. Rh1 Kxe7 44. Kf3 $18
) 42... Kxe8 43. Bxa7 $4 $19 {und der Gewinn ist perdu} (43. Be3 $142 {
ist die einzige Rettung} 43... Nc5 44. Kf3 (44. Bxc5 $4 44... d2 $19) 44...
Nxb3 45. Bxa7 $14) 43... d2 (43... d2 44. a5 44... d1=Q $19) 0-1

[Event "ICS rated blitz match"]
[Site "207.99.83.227"]
[Date "1999.04.04"]
[Round "?"]
[White "Hossa"]
[Black "MNAGROCKI"]
[Result "1-0"]
[WhiteElo "2376"]
[BlackElo "2028"]
[Annotator "Fritz 5.32 (15s)"]
[PlyCount "63"]

1. e4 e6 2. Nf3 2... g6 $14 (2... d5 3. e5 $11) 3. Bb5 Bg7 (3... c6 4. Ba4 $11)
4. d4 Ne7 5. O-O $11 (5. Nc3 5... O-O $14) 5... O-O 6. Bf4 c6 7. Be2 d5 8. Nbd2
Nd7 (8... c5 9. exd5 cxd4 10. dxe6 fxe6 11. Be5 Bxe5 12. Nxe5 $11) 9. Bd6 Nb6
10. e5 {Weiss engt den Gegner ein} 10... Re8 11. Bc5 Nd7 12. Nb3 (12. Ba3 12...
b6 $14) 12... b6 {Ueberdeckt a5} 13. Bxe7 Qxe7 14. Qd2 14... h6 {Staerkt g5}
15. Qf4 Kh7 16. Rae1 16... c5 {
Nimzowitsch: Bauernketten von der Basis aufrollen} 17. dxc5 (17. Rd1 17... Bb7
$11) 17... bxc5 18. Bb5 $15 (18. Na5 Qd8 19. Nb3 19... Rb8 $15) 18... a6 $11 (
18... Rb8 19. Bxd7 Bxd7 20. Rb1 $15) 19. Bc6 {
Weiss haelt das Heft fest in der Hand} 19... Rb8 20. Qh4 $2 $19 (20. Rb1 $11
$142 {ist noch spielbar}) 20... g5 $17 (20... Qxh4 21. Nxh4 Rd8 22. Bxd7 Bxd7
23. Rb1 $17) 21. Qh5 c4 22. Nbd2 $19 (22. Nc1 Rxb2 23. Nd4 23... Rf8 $19 (23...
Bxe5 $6 24. Rxe5 Nxe5 25. Bxe8 $15)) 22... Rxb2 23. Bxd5 exd5 24. e6 24... fxe6
$17 (24... Rf8 25. exd7 Qxd7 26. Nxg5+ Kg8 27. Ngf3 $19) 25. Rxe6 Qxe6 26.
Nxg5+ Kg8 27. Nxe6 27... Rxe6 $14 (27... Nf6 28. Nxg7 Nxh5 29. Nxe8 29... Rxc2
$19) 28. Qxd5 Nf6 (28... Nf8 29. f4 Bb7 30. Qxc4 $14) 29. Qxc4 29... Bb7 $4 $18
{fuehrt zu weiteren Sorgen} (29... Bd7 $16 $142) 30. Qxe6+ Kh7 (30... Kh8 {
hilft allerdings auch nicht} 31. Rb1 Rxb1+ 32. Nxb1 $18) 31. Rd1 (31. Nc4 $5 {
waere im Gewinnsinne praeziser} 31... Rb4 32. a3 Ra4 33. Qf5+ 33... Kg8 $18)
31... Rxc2 (31... Rb5 $18 {bot noch bessere Widerstandsmoeglichkeiten}) 32.
Qf5+ (32. Qf5+ Kh8 33. Qxc2 $18) 1-0

[Event "ICS rated blitz match"]
[Site "207.99.83.227"]
[Date "1999.04.04"]
[Round "?"]
[White "MNAGROCKI"]
[Black "Hossa"]
[Result "0-1"]
[WhiteElo "2024"]
[BlackElo "2380"]
[Annotator "Fritz 5.32 (15s)"]
[PlyCount "88"]

1. d4 Nf6 2. c4 g6 3. Nc3 Bg7 4. Nf3 O-O 5. e4 c5 6. d5 d6 7. Bd3 Bg4 8. O-O
$146 (8. h3 Bxf3 9. Qxf3 e6 (9... Nbd7 10. Bf4 Nh5 11. Be3 Qb6 12. Rb1 Ne5 13.
Qd1 Nxd3+ 14. Qxd3 a6 15. O-O e5 16. b4 Qc7 17. bxc5 dxc5 18. Na4 Rfb8 19. Bxc5
b5 20. Bb6 Rxb6 21. Nxb6 Qxb6 22. cxb5 Nf4 23. Qc4 axb5 24. Rxb5 Qf6 25. a4 Qg5
26. g3 Nxh3+ 27. Kg2 Qg4 28. f3 Nf4+ 29. Kf2 Nh3+ 30. Kg2 {
- Tubshintugs B-Fuchs G/ChWmU12 Duisburg <TY 1992 (30)}) 10. O-O exd5 11. cxd5
Nbd7 12. Qd1 a6 13. a4 Re8 14. Re1 Rc8 15. Be3 (15. Bc4 Ne5 16. Bf1 c4 17. a5
Nfd7 18. f4 Nd3 19. Bxd3 cxd3 20. Bd2 b5 21. Kh2 Nc5 22. Rb1 b4 23. Na2 Nxe4
24. Nxb4 Qh4 25. Rxe4 Rxe4 26. Nxd3 Rd4 27. Bc3 Rxd5 28. Qf3 Rb5 29. Bxg7 Kxg7
30. b4 Qh5 31. Qe3 Qd5 32. Nf2 Rc4 33. Rd1 Qf5 34. Nd3 Rd5 35. Qe2 Rcd4 36. g4
Qe4 37. Qb2 37... Kg8 {
0-1 Soppe,G-Hoffman,A/Clarin GP Final, Villa Gisell ARG 1998 (37)}) 15... Qa5
16. Qd2 Ne5 17. Bf1 h5 18. f3 Ned7 19. Nb1 Qd8 20. a5 Nh7 21. Na3 Ne5 22. Nc4
Nxc4 23. Bxc4 g5 24. Rac1 g4 25. Bf4 Bd4+ 26. Kh2 Qf6 27. b3 gxf3 28. gxf3 Kh8
29. Kh1 Rg8 30. Qh2 Ng5 31. Rf1 Rcd8 32. h4 Nh3 33. Bg3 Qg7 34. Qxh3 Qxg3 35.
Qxg3 Rxg3 36. Rc2 Rdg8 37. f4 R8g4 38. e5 Be3 39. e6 Bxf4 40. Rxf4 Rxf4 41. Rg2
41... Rxh4+ {0-1 Haik Aldo-Sokolov Ivan/Cup Rilton, Sweden 1988 (41)}) 8...
Bxf3 $14 (8... Nbd7 9. h3 Bxf3 10. Qxf3 $11) 9. Qxf3 Na6 10. a3 {Befestigt b4}
10... Nd7 11. Qe2 Nc7 12. Bd2 Qe8 13. f4 13... Bd4+ {
Ein schoenes Feld fuer den Laeufer} 14. Kh1 Nf6 15. a4 Rd8 16. f5 {
Weiss gewinnt Raum} 16... Kh8 17. h4 $11 (17. Bc2 17... Qd7 $14) 17... gxf5 18.
Rxf5 e6 19. Rxf6 $17 (19. Rff1 $142 {und Weiss spielt mit} 19... Nd7 20. Bc2
$14) 19... Bxf6 20. Qf3 $19 (20. Qh5 20... Be5 $17) 20... Bxh4 21. Qh5 Bg3 22.
Qh3 (22. Nb5 Nxb5 23. axb5 $19) 22... Rg8 $17 (22... Be5 $19 $142 {
Schwarz haette nun das bessere Spiel}) 23. e5 {Mit der Mattdrohung Qxh7} 23...
f5 24. exf6 24... h5 $4 $16 {danach wendet sich das Blatt} (24... Qf7 $142 25.
dxe6 25... Nxe6 $17) 25. Ne4 (25. Rf1 Qf7 26. Ne4 Bh4 27. dxe6 Nxe6 28. Qxh4
28... Rg4 $18) 25... Be5 26. Rf1 Rf8 (26... exd5 27. f7 Qe6 28. Qxh5+ (28.
fxg8=B Qxh3+ 29. gxh3 29... dxe4 $15) 28... Kg7 29. fxg8=R+ Kxg8 30. Ng5 Bf4
31. Qh7+ Kf8 32. Rxf4+ Ke8 33. Nxe6 Nxe6 34. Qf7#) 27. Bg5 $4 $11 {
danach kann Weiss alle Traeume begraben} (27. Bh6 exd5 28. Bxf8 $18) 27... Qf7
$14 (27... exd5 $5 {ist eine gute Alternative} 28. f7 28... Rxf7 $15) 28. g4
$15 (28. Bc1 Rd7 29. dxe6 Nxe6 30. Rf5 $18) 28... exd5 29. cxd5 Nxd5 30. gxh5
$2 $19 (30. Bc4 $142 {und Weiss kann noch kaempfen} 30... Rd7 31. Bd2 $11)
30... Bxb2 $17 (30... Nb4 31. Bb1 Qd7 32. Qg2 $17) 31. Bd2 $2 $19 (31. Bh6 $142
31... Nxf6 32. Bxf8 Rxf8 33. Qf5 $19) 31... Nxf6 {
Schwarz entwickelt Drohungen in der offenen f-Linie} (31... Bxf6 $6 32. Bc4 Qh7
33. Bxd5 $11) 32. Nxf6 (32. Bh6 c4 33. Bc2 Qd5 34. Bxf8 Nxe4 35. Bxe4 Qxe4+ 36.
Qg2 Qxg2+ 37. Kxg2 37... c3 $19) 32... Bxf6 33. Qf5 (33. Qf3 {
aendert den traurigen Lauf der Dinge nicht} 33... Qd7 $19) 33... Qd7 (33... Qg8
$142 {und nichts geht mehr} 34. Qe4 34... Bd4 $19) 34. h6 $2 (34. Qxd7 Rxd7 35.
Bc3 Bxc3 36. Rxf8+ Kg7 37. Bb5 $19) 34... Qxf5 {Droht Matt: Qh3} 35. Rxf5 (35.
Bxf5 {hilft auch nicht mehr} 35... Rde8 $19) 35... d5 36. Rf2 (36. Kg2 {
waere gleichermassen fruchtlos} 36... c4 37. Bb1 37... d4 $19) 36... c4 37. Bc2
(37. Bb4 {macht keinen grossen Unterschied} 37... Be7 38. Bxe7 38... Rxf2 $19)
37... Bd4 {Droht Matt} 38. Rg2 (38. Rf4 {ist der letzte Strohhalm} 38... Rxf4
39. Bxf4 $19) 38... Rf1+ 39. Kh2 Be5+ (39... Rdf8 {
damit wuerde Schwarz es sich noch erleichtern} 40. Kh3 R8f2 41. Rxf2 Rxf2 42.
Bg5 Rxc2 43. a5 $19) 40. Kh3 Rh1+ 41. Kg4 Rg8+ 42. Kf3 (42. Bg5 {
lenkt den Gegner vielleicht noch ab} 42... Bf6 $1 {entscheidend} 43. Kf5 Bxg5
44. h7 $19) 42... Rf1+ (42... Rh3+ $142 {und Schwarz ist direkt am Ziel} 43.
Kf2 Bd4+ 44. Be3 Bxe3+ 45. Kf1 Rh1+ 46. Ke2 Rxg2+ 47. Kxe3 Rxc2 48. a5 $19) 43.
Ke2 Rxg2+ 44. Kxf1 Rxd2 (44... Rxd2 45. Bg6 45... c3 $19) 0-1

[Event "ICS rated blitz match"]
[Site "207.99.83.227"]
[Date "1999.04.04"]
[Round "?"]
[White "Hossa"]
[Black "MNAGROCKI"]
[Result "1-0"]
[WhiteElo "2384"]
[BlackElo "2020"]
[Annotator "Fritz 5.32 (15s)"]
[PlyCount "125"]

1. e4 e6 2. Nf3 2... g6 $14 (2... d5 3. e5 $11) 3. Bb5 Bg7 (3... c6 4. Ba4 $11)
4. d4 Ne7 5. O-O $11 (5. Nc3 5... O-O $14) 5... O-O (5... c6 6. Bd3 $11) 6. Bf4
c6 7. Be2 d5 8. Nbd2 Nd7 (8... c5 9. exd5 cxd4 10. dxe6 fxe6 11. Be5 Bxe5 12.
Nxe5 $11) 9. Bd6 9... Nb6 $14 (9... Re8 10. c3 $11) 10. e5 {
Weiss engt den Gegner ein} 10... Re8 11. Bc5 Nd7 12. Nb3 (12. Ba3 12... b6 $14)
12... b6 {Kontrolliert a5} 13. Bxe7 Qxe7 14. Qd2 a5 15. Qf4 15... h6 {
Verwehrt dem Gegner g5} 16. Rad1 Kh7 17. Bd3 Rf8 18. c3 Ba6 19. Bxa6 Rxa6 20.
Qg4 Ra7 21. Nc1 {Mit der Idee Sb3-c1-d3-e5} 21... f5 22. exf6 {
Weiss hat einen starken Freibauern} 22... Nxf6 23. Qh3 Ne4 24. Nd3 Rc7 (24...
c5 25. Nfe5 Qf6 26. f3 $14) 25. Nde5 $11 {Eine wichtige Figur} (25. Nfe5 $5 $14
) 25... Bxe5 $16 (25... Qf6 $5 $11 {kam sehr in Betracht}) 26. Nxe5 {
Schoenes Feld e5!} ({Nachteilig ist} 26. dxe5 26... c5 $11) 26... Qf6 27. f3 {
Weiss haelt das Heft fest in der Hand} 27... Ng5 28. Qg3 Qf4 29. Qxf4 Rxf4 30.
Rfe1 30... Rf6 $16 (30... Kg7 31. Kf2 $14) 31. h4 Nf7 32. Ng4 32... Kg7 $18 (
32... Rf5 $5 33. Rxe6 33... Kg7 $16) 33. Nxf6 Kxf6 34. f4 h5 35. Rd3 Nh6 36.
Rde3 Re7 37. b3 b5 (37... Nf5 38. Rh3 $18) 38. a4 $16 (38. g3 $5 38... Nf5 39.
Rd3 39... Rc7 $18) 38... Nf5 39. Rh3 (39. R3e2 Nxh4 40. axb5 40... cxb5 $16)
39... Nh6 $18 (39... Rb7 40. axb5 Rxb5 41. Ra1 $16) 40. Rf3 (40. Kf1 bxa4 41.
bxa4 41... Nf5 $18) 40... Kf5 (40... bxa4 41. bxa4 Nf5 42. Rf2 $18) 41. Ra1 Ra7
(41... bxa4 42. Rxa4 Rb7 43. Rxa5 Rxb3 44. Ra6 $18) 42. g3 (42. Kf2 42... Rb7
$18) 42... Ng4 43. Rff1 Kf6 (43... Rb7 44. b4 axb4 45. cxb4 bxa4 46. Rxa4 $18)
44. Rfe1 Nh6 45. Re2 Nf5 46. Rae1 Re7 47. Kg2 bxa4 48. bxa4 Nd6 49. Rb2 Nc4 (
49... Rc7 50. Rb6 $18) 50. Rb8 Rc7 51. Kh3 (51. Re8 51... Nb6 $18) 51... Nd2 (
51... c5 52. Rb5 cxd4 53. cxd4 $18) 52. Re8 Ne4 53. Ra8 (53. Rf8+ Ke7 54. Ra8
54... c5 $18) 53... c5 54. Rxa5 cxd4 55. cxd4 Rc4 56. Ra6 (56. Ra8 Rxd4 57. Re3
57... Rd2 $18) 56... Rxd4 57. Re2 Rd3 58. Kh2 Ra3 59. a5 59... d4 $4 $18 {
das letzte Eigentor} (59... Kf5 $16 $142) 60. Rxe4 Kf5 61. Rexe6 (61. Rxd4 {
gibt noch groesseren Vorteil} 61... Kg4 62. Rxe6 Ra2+ 63. Kg1 Rxa5 64. Rxg6+
64... Kh3 $18) 61... d3 (61... Kg4 {bietet noch letzte Rettungschancen} 62.
Rxg6+ 62... Kf3 $18) 62. Kh3 {Es droht Matt} 62... d2 63. Re5# 1-0